| 000 | 01216pam a2200325 a 4500 | ||
|---|---|---|---|
| 001 | 015644984 | ||
| 003 | OSt | ||
| 005 | 20201128021036.0 | ||
| 008 | 100824t2011 xxka frbf 001 0 eng d | ||
| 020 | _a9781848440869 (hbk.) | ||
| 020 | _a1848440863 (hbk.) | ||
| 040 |
_aStDuBDS _beng _cStDuBDS _dUk |
||
| 043 | _ae------ | ||
| 082 | 0 | 4 |
_a381.0943 _222 _bHAN |
| 245 | 0 | 0 |
_aHandbook of research on entrepreneurship policies in central and eastern Europe / _cedited by Friederike Welter, David Smallbone. |
| 260 |
_aCheltenham, United Kingdom ; _aNorthampton, United States : _bEdward Elgar, _cc.2011 _f(MPG Books Group) |
||
| 300 |
_aix, 261 p. : _bill. ; _c24 cm. |
||
| 490 | 0 | _aElgar original reference | |
| 500 | _aIndex : p. 241-261. | ||
| 504 | _aIncludes bibliographical references. | ||
| 650 | 0 |
_aEntrepreneurship _zEurope, Central _935732 |
|
| 650 | 0 |
_aEntrepreneurship _zEurope, Eastern _935733 |
|
| 651 | 0 |
_aEurope, Central _xCommercial policy _935734 |
|
| 651 | 0 |
_aEurope, Eastern _xCommercial policy _935735 |
|
| 653 |
_bBUSADM _cMarch2014 |
||
| 655 |
_vreading book _934232 |
||
| 700 | 1 |
_aWelter, Friederike _92243 _eeditor. |
|
| 700 | 1 |
_aSmallbone, David _935736 _eeditor. |
|
| 942 |
_2ddc _k381.0943 HAN |
||
| 999 |
_c18142 _d18114 |
||